Πληθυσμιακές τάσεις και προοπτικές : Ελλάδα και Ευρωπαϊκή Ένωση : πρακτικά συνεδρίου Αθήνα 13-14 Μαρτίου 2009
Αποθηκεύτηκε σε:
| Συλλογικό Έργο: | , |
|---|---|
| Άλλοι συγγραφείς: | |
| Μορφή: | Βιβλίο |
| Γλώσσα: | Greek |
| Δημοσίευση: |
Αθήνα :
Ελληνική Εταιρεία Δημογραφικών Ερευνών (ΕΔΗΜ), Ακαδημία Αθηνών/Κέντρο Ερεύνης της Ελληνικής Κοινωνίας (ΚΕΕΚ),
2011
|
| Σειρά: | Δημοσιεύματα του Κέντρου Ερεύνης της Ελληνικής Κοινωνίας ;
; 13 |
| Θέματα: | |
| Ετικέτες: |
Προσθήκη ετικέτας
Δεν υπάρχουν, Καταχωρήστε ετικέτα πρώτοι!
|
MARC
| LEADER | 00000cam a2200000 i 4500 | ||
|---|---|---|---|
| 001 | 1/38334 | ||
| 008 | 131115s2011 gre d | ||
| 020 | |a 978-960-87751-3-8 | ||
| 035 | |l 10116000 | ||
| 040 | |a GR-MY-UA |b gre |e aacr | ||
| 041 | 0 | |a gre | |
| 082 | 0 | |a 304.609495 |2 (22) | |
| 110 | 1 | |a Ακαδημία Αθηνών |b Κέντρον Ερεύνης της Ελληνικής Κοινωνίας. | |
| 245 | 1 | 0 | |a Πληθυσμιακές τάσεις και προοπτικές : |b Ελλάδα και Ευρωπαϊκή Ένωση : πρακτικά συνεδρίου Αθήνα 13-14 Μαρτίου 2009 / |c Ακαδημία Αθηνών/Κέντρο Ερεύνης της Ελληνικής Κοινωνίας (ΚΕΕΚ) ; Ελληνική Εταιρεία Δημογραφικών Μελετών (ΕΔΗΜ) ; επιστημονική επιμέλεια: Κωνσταντίνος Δρακάτος ... [κ.ά.] |
| 260 | |a Αθήνα : |b Ελληνική Εταιρεία Δημογραφικών Ερευνών (ΕΔΗΜ), |b Ακαδημία Αθηνών/Κέντρο Ερεύνης της Ελληνικής Κοινωνίας (ΚΕΕΚ), |c 2011 | ||
| 300 | |a 362 σ.; |b πίν., σχεδ.; |c 24 εκ. | ||
| 490 | 1 | |a Δημοσιεύματα του Κέντρου Ερεύνης της Ελληνικής Κοινωνίας |v ; 13 | |
| 504 | |a Περιέχει βιβλιογραφικές αναφορές | ||
| 650 | 0 | 0 | |a Demographic surveys |z Greece |v Congresses. |
| 650 | 0 | 0 | |a Fertility, Human |z Greece. |
| 650 | 0 | 0 | |a Mortality |z Greece |x Statistical methods. |
| 650 | 0 | 0 | |a Emigration and immigration |x Congresses. |
| 700 | 1 | |a Δρακάτος, Κωνσταντίνος Γ. |4 edt | |
| 710 | 2 | |a Ελληνική Εταιρεία Δημογραφικών Μελετών. | |
| 830 | 0 | |a Δημοσιεύματα του Κέντρου Ερεύνης της Ελληνικής Κοινωνίας ; |v ; 13 | |
| 852 | |a INST |b RHODES |e 20131115 |h 304.609495 ΠΛΗ |p 005400035782 |q 005400035782 |t BK |y 0 | ||
| 901 | |a BIBL4-2013-3 | ||
| 909 | |a Ρ |b 182291 | ||
| 922 | |a 4ΕΛΗ | ||
| 970 | |z 2013/11/15 | ||